Datum a čas kvízu
33
Celkem bodů
Celkový počet nahraných bodů na tomto kvízu bez doplňovacích otázek.
7.
Pořadí na kvízu
Konečné umístění týmu na tomto kvízu.
Zaznamenané odpovědi
| # | Otázka | Odpověď | Body | Výsledky |
|---|---|---|---|---|
| 1. | V Praze byl minulý týden na ve... | z paluby Titaniku | 0 | |
| 2. | Naštěstí jen nepatrné škody na... | chtěla flirtovat s hasiči / líbí se jí muži v uniformách | 1 | |
| 3. | Která 45letá česká herečka se... | Anna Polívková | 1 | |
| 4. | Minulý týden jsme se dozvěděli... | rýže | 1 | |
| 5. | Reprezentace jedné evropské ze... | San Marino | 1 | |
| 6. | Který velmi rozlehlý stát byl... | Austrálie | 0 | |
| 7. | Pod kterým, dnes už spíše zast... | Habeš | 1 | |
| 8. | Napište bývalý název Bratislav... | Prešpurk/Prešporok/Prešporek; 1919 (1914–1924) | 1 | |
| 9. | Když Portugalci objevili jistý... | Tchaj-wan | 0 | |
| 10. | Zhruba rok po vyhlazení českýc... | o Panamu | 0 |